A história do Pedrito Coelho (Registo nº 4500)
[ vista simples ]
| 000 -Etiqueta do registo | |
|---|---|
| Cabeçalho | 00725nam0a2200265 4500 |
| 005 - Identificador da versão | |
| Campo de controlo | 20240813122103.0 |
| 010 ## - Número internacional normalizado dos livros (ISBN) | |
| Número (ISBN) | 9789720727190 |
| 021 ## - Número do Depósito Legal | |
| Código do país | PT |
| Número | 386880/15 |
| 100 ## - Dados gerais de processamento | |
| Dados gerais de processamento | 20161028d2015 m y0pory50030103ba |
| 102 ## - Pais de publicação ou produção | |
| País de publicação | Portugal |
| 101 1# - Língua de publicação | |
| Língua do texto, banda sonora, etc. | Português |
| Língua do documento no original | Inglês |
| 215 ## - Descrição física | |
| Indicação específica da natureza do documento e extensão da espécie | 31 p. |
| Outras indicações físicas | il. color |
| 200 1# - Titulo e menção de responsabilidade | |
| Título próprio | A história do Pedrito Coelho |
| Primeira menção de responsabilidade | Beatrix Potter |
| 225 1# - Colecção | |
| Título próprio da colecção | Educação literária |
| 210 ## - Publicação, Distribuição, etc. | |
| Lugar da edição, distribuição, etc. | Porto |
| Nome do editor, distribuidor, etc. | Porto Ed. |
| Data da publicação, distribuição, etc. | 2015 |
| 300 ## - Notas gerais | |
| Texto da nota | Metas Curriculares |
| Texto da nota | PNL |
| 606 ## - Nome comum usado como assunto | |
| Número de registo de entrada de autoridade | 0001374 |
| Palavra de ordem | Literatura inglesa |
| Subdivisão de assunto | Conto |
| Código do sistema | CA |
| 675 ## - Classificação Decimal Universal (CDU) | |
| Notação | 821.111-34 |
| Edição | 3ª ed. |
| Língua da edição | por |
| 700 #1 - Nome de autor-pessoa física (responsabilidade principal) | |
| Número de registo de entrada de autoridade | 0000859 |
| Palavra de ordem | Potter |
| Outra parte do nome não tomada para palavra de ordem | Beatrix |
| Datas | 1866-1943 |
| 966 ## - Identificação da Biblioteca | |
| Sigla | EBVEN |
| 942 ## - Elementos de entrada adicionados (Koha) | |
| Tipo de item no Koha | Livro |
| Situação do levantamento | Origin of item (home branch) (coded) | Biblioteca de empréstimo | Código de barras | Cota | Circulation type (not for loan) | Tipo de documento | Nota do exemplar | Damaged status | Nº de registo manual |
|---|---|---|---|---|---|---|---|---|---|
| Biblioteca Escolar da Coca Maravilhas | Biblioteca Escolar da Coca Maravilhas | BECM20216 | 8C POT | Livro | Sem mensagem | 20216 | |||
| Biblioteca Escolar das Vendas | Biblioteca Escolar das Vendas | BEV2505 | 8EST POT MET PNL | Livro | Sem mensagem |
